| 000 | 00434nam a22001577a 4500 | ||
|---|---|---|---|
| 005 | 20251108164202.0 | ||
| 008 | 250721s1991 xx 000 0 ara d | ||
| 082 | 1 | 4 | _a215/محم |
| 100 | 1 | _aعمارة، محمد | |
| 245 | 1 | 0 | _aتيارات الفكر الإسلامي / |
| 264 | 1 |
_aبيروت : _bدار الشروق، _c1991. |
|
| 300 | _a391ص. | ||
| 650 | 1 | 7 | _aالفرق الإسلامية |
| 942 |
_2ddc _cBK |
||
| 999 |
_c5819 _d5819 |
||